Normal view
MARC view
- Muhammal Qasim Asghar Rehman Fareeha Siddiqui Muhammad Atif Latif
Entry Personal Name
001 - CONTROL NUMBER
- control field: 85689
003 - CONTROL NUMBER IDENTIFIER
- control field: NUST
005 - DATE AND TIME OF LATEST TRANSACTION
- control field: 20211203151516.0
008 - FIXED-LENGTH DATA ELEMENTS
- fixed length control field: 211203|| aca||aabn | a|a d
040 ## - CATALOGING SOURCE
- Original cataloging agency: NUST
- Transcribing agency: NUST
100 ## - HEADING--PERSONAL NAME
- Personal name: Muhammal Qasim Asghar Rehman Fareeha Siddiqui Muhammad Atif Latif
670 ## - SOURCE DATA FOUND
- Source citation: Work cat.: (NUST): Muhammal Qasim Asghar Rehman Fareeha Siddiqui Muhammad Atif Latif , PR-SOF-2068-Battery Management System (BMS), 2021.
